Pokédex Einträge (Gen3) - 3 - Statistiken

Allgemein
  • Dieses Quiz wurde 16 mal gespielt
  • Das Durchschnittsergebnis liegt bei 6 aus 15
Antwortstatistiken
Frage Antwort % Korrekt
Wenn du auf ein spielendes ... stößt, solltest du es nicht stören oder versuchen, es einzufangen. Die Mutter dieses Baby-POKéMON ist bestimmt in Reichweite und könnte sehr wütend auf dich werden. (Rubin und Saphir) Kangama
100%
... betreibt jeden Tag Forschung, um die Geheimnisse der Welt zu lüften. Dieses POKéMON vergisst aber alles, was es bereits herausgefunden hat, wenn das MUSCHAS auf seinem Kopf abfällt. (Rubin und Saphir) Laschoking
50%
... Flügel haben eine zerstörerische Kraft. Bereits ein leichtes Flattern kann Häuser hinfortwehen. Daher hat sich dieses POKéMON dafür entschieden, tief unten im Meer zu leben, wo es niemand sieht. (Rubin und Saphir) Lugia
50%
... trainiert, indem es ein GEOROK hochhebt, als wäre es eine Hantel. Es gibt auch ..., die durch die Welt reisen, um alle Arten der Kampfkunst zu erlernen. (Saphir Edition) Machollo
50%
... ist aus der Verschmelzung zweier ... hervorgegangen. Auf der Jagd drückt es seine Beute mit seinem massigen Körper zu Boden. Dann frisst es sein hilfloses Opfer auf. (Saphir Edition) Metagross
50%
... hat sich dadurch entwickelt, dass es den Mondwellen ausgesetzt war. Es versteckt sich im Schutze der Dunkelheit und wartet darauf, dass sich ein Feind bewegt. Die Ringe an seinem Körper leuchten auf, wenn es angreift. (Rubin und Saphir) Nachtara
50%
... wurde zunächst als völlig unbeweglich beschrieben, da seine magnetische Nase immer nach Norden zeigt. Genauere Beobachtungen haben jedoch ergeben, dass es sich pro Jahr tatsächlich etwa um 1 cm bewegt. (Saphir Edition) Nasgnet
50%
... balanciert häufig Dinge auf seiner Nasenspitze und rollt sie hin und her. Während es das tut, überprüft es den Duft und die Beschaffenheit des Gegenstandes und stellt fest, ob es das Objekt mag oder nicht. (Saphir Edition) Seejong
50%
Indem es seine Zähne fletscht und ein Furcht erregendes Gesicht macht, schlägt ... kleinere POKéMON in die Flucht. Es scheint darüber jedoch etwas traurig zu sein. (Rubin und Saphir) Snubbull
50%
... ist eine neue POKéMON-Spezies, die angeblich aus dem Weltall kam. Es gleitet durch die Luft und bewegt sich leise. Im Kampf setzt dieses POKéMON sehr helles Licht ein. (Rubin Edition) Sonnfel
50%
... schüchtert seine Feinde mit den augenähnlichen Mustern auf seinen Antennen ein. Dieses POKéMON kann mit seinen vier Flügeln wie ein Hubschrauber in jede Richtung fliegen, sogar seitwärts und rückwärts. (Rubin Edition) Maskeregen
0%
... harter Körper bewegt sich überhaupt nicht. Er scheint bloß eine hohle Schale zu sein. Dieses POKéMON soll angeblich die Seele eines jeden stehlen, der hinterrücks einen Blick in seinen hohlen Körper riskiert. (Rubin Edition) Ninjatom
0%
... saugt Wasser ein und spritzt es unter Einsatz seiner Bauchmuskeln mit Hochdruck wieder heraus. So schießt es fliegende Beute ab. Wenn seine Entwicklung näher rückt, wandert dieses POKéMON flussabwärts. (Rubin und Saphir) Remoraid
0%
Dieses POKéMON fliegt geschickt von Ast zu Ast. Keinem POKéMON wird es jemals gelingen, ein ... zu erwischen. Da kann es noch so schnell sein. (Saphir Edition) Reptain
0%
Wenn es Nacht wird, beginnt ... Schweif zu leuchten. Es kommuniziert mit anderen, indem es die Helligkeit und das Blinken dieses Lichts reguliert. Dieses POKéMON wird vom süßen Duft der ... angezogen. (Rubin Edition) Vollbeat
0%
Keine übereinstimmenden Quizze gefunden
Verteilung der Resultate
Anzahl Personen mit jedem Resultat
Perzentil nach korrekt beantworteten Fragen
Ihre Resultats-Entwicklung
Sie haben dieses Quiz noch nicht gespielt